000 01776nam a2200361Ia 4500
001 ebr10698776
003 CaPaEBR
006 m o u
007 cr cn|||||||||
008 070416s2006 si a sb 100 0 eng d
020 _z9789812566980
020 _z9789812774071
020 _z9812566988
040 _aCaPaEBR
_cCaPaEBR
035 _a(OCoLC)849922770
050 1 4 _aQA913
_b.C36 2006eb
111 2 _aCanberra International Physics Summer School
_n(19th :
_d2006 :
_cAustralian National University)
245 1 0 _aLecture notes on turbulence and coherent structures in fluids, plasmas and nonlinear media
_h[electronic resource] /
_ceditors, Michael Shats, Horst Punzmann.
246 1 8 _aTurbulence and coherent structures in fluids, plasmas and nonlinear media
260 _aSingapore ;
_aHackensack, NJ :
_bWorld Scientific,
_cc2006.
300 _aviii, 387 p. :
_bill. (some col.)
490 0 _aWorld Scientific lecture notes in complex systems ;
_vv. 4
500 _a"This book is based on lectures delivered at the 19th Canberra International Physics Summer School held at the Australian National University in Canberra (Australia) from 16-20 January 2006."--P. v.
504 _aIncludes bibliographical references.
533 _aElectronic reproduction.
_bPalo Alto, Calif. :
_cebrary,
_d2013.
_nAvailable via World Wide Web.
_nAccess may be limited to ebrary affiliated libraries.
650 0 _aTurbulence
_xMathematical models
_vCongresses.
650 0 _aHydrodynamics
_vCongresses.
655 7 _aElectronic books.
_2local
700 1 _aShats, Michael.
700 1 _aPunzmann, Horst.
710 2 _aebrary, Inc.
856 4 0 _uhttp://site.ebrary.com/lib/rucke/Doc?id=10698776
_zAn electronic book accessible through the World Wide Web; click to view
999 _c6047
_d6047